000
00310nam a2200133Ia 4500
008
240624s9999 xx 000 0 und d
041
_a
eng
082
_a
658.4092 COO
100
_a
COOPER ROBERT K
245
_a
EXECUTIVE EQ
260
_c
1998
_a
New York
_b
Perigee Trade
300
_a
327 : p.
365
_c
_b
30
999
_c
12889
_d
12889